Official Languages of Countries - Statistics

General Stats
  • This quiz has been taken 24 times
  • The average score is 16 of 20
Answer Stats
Country Answer % Correct
Austria German
100%
Georgia Georgian
92%
Israel Hebrew
92%
Nepal Nepali
92%
Uzbekistan Uzbek
92%
Bangladesh Bengali
88%
Mongolia Mongolian
88%
Tajikistan Tajik
88%
Vietnam Vietnamese
88%
San Marino Italian
83%
Iran Persian
83%
Laos Lao
79%
Mauritania Arabic
75%
Azerbaijan Azerbaijani
75%
Myanmar Burmese
71%
Andorra Catalan
71%
Mali French
67%
Zambia English
63%
Guinea-Bissau Portuguese
54%
Maldives Dhivehi
33%
No matching quizzes found
Score Distribution
Percent of People with Each Score
Percentile by Number Answered
Your Score History
You have not taken this quiz